TV Shows Cut Off at 'I' Quiz Stats

 Plays Quiz Updated Jan 7, 2019

Support Sporcle.
Go Orange.
Score 0/24 Timer 06:00
1 Play Today
Cut Off At 'I' TV Show % Correct
DESPERATE HOUSEWIVES
97.5%
MODERN FAMILY
97%
SMALLVILLE
96.6%
THE FACTS OF LIFE
96.4%
BROTHERS & SISTERS
96.1%
SEX AND THE CITY
95.7%
HOW TO GET AWAY WITH MURDER
95.7%
FRASIER
95.3%
THE X-FILES
95.2%
BATTLESTAR GALACTICA
95.2%
THE JERRY SPRINGER SHOW
95%
CONCENTRATION
94.7%
Cut Off At 'I' TV Show % Correct
THE GOLDEN GIRLS
94%
CURB YOUR ENTHUSIASM
93.6%
THE WEAKEST LINK
92.6%
RAWHIDE
90.3%
THE WALKING DEAD
89.2%
HARDCASTLE AND MCCORMICK
88.7%
77 SUNSET STRIP
87.4%
THE HANDMAID'S TALE
86.5%
BROOKLYN NINE-NINE
85.9%
THE BEVERLY HILLBILLIES
84.4%
BEWITCHED
84.1%
BOB & CAROL & TED & ALICE
78.7%

From the Vault

10 Closest Capitals to Rome

by RobPro

These cities just like be close to the Colosseum.
Remove Ads.
Support Sporcle.
Get the best of Sporcle when you Go Orange. This ad-free experience offers more features, more stats, and more fun while also helping to support Sporcle. Thank you for becoming a member.

Show Comments

Extras

Top Quizzes Today


Score Distribution

Your Account Isn't Verified!

In order to create a playlist on Sporcle, you need to verify the email address you used during registration. Go to your Sporcle Settings to finish the process.

Report this User

Report this user for behavior that violates our Community Guidelines.

Details: